Elektronnaja kazaň 2019: Informacijonnyje technologiji v sovremennom mire sbornik iz 11. meždunarodnoj naučno-praktičeskoj konferenciji, 21–22 maja 2019 g.v.g. Kazani (Respublika Tatarstan)
Gespeichert in:
| Körperschaften: | , , , |
|---|---|
| Weitere Verfasser: | , |
| Format: | Buch |
| Sprache: | Russisch Englisch |
| Veröffentlicht: |
Kazaň
Izdateľstvo Juniversum
2019
|
| Ausgabe: | 1. naučno-praktičeskoje izdanije |
| Schriftenreihe: | Učenyje zapiski Instituta socijaľnych i gumanitarnych znanij
vypusk No1(17), 2019 |
| Schlagworte: | |
| Tags: |
Keine Tags, Fügen Sie das erste Tag hinzu!
|
MARC
| LEADER | 00000nlm a2200000 4500 | ||
|---|---|---|---|
| 001 | 0254393 | ||
| 005 | 20240514123628.7 | ||
| 022 | |a 2078-6980 | ||
| 041 | 0 | |a rus | |
| 041 | 0 | |a eng | |
| 044 | |a RU | ||
| 245 | 1 | 0 | |a Elektronnaja kazaň 2019: Informacijonnyje technologiji v sovremennom mire |b sbornik iz 11. meždunarodnoj naučno-praktičeskoj konferenciji, 21–22 maja 2019 g.v.g. Kazani (Respublika Tatarstan) |c redakcija/editors: A. G. Abrosimov, A.M. Elizarov ... [et al.] |
| 250 | |a 1. naučno-praktičeskoje izdanije | ||
| 264 | 1 | |a Kazaň |b Izdateľstvo Juniversum |c 2019 | |
| 300 | |a 638 s. online | ||
| 490 | 1 | |a Učenyje zapiski Instituta socijaľnych i gumanitarnych znanij |v vypusk No1(17), 2019 | |
| 830 | 0 | |a Učenyje zapiski Instituta socijaľnych i gumanitarnych znanij |v vypusk No1(17), 2019 | |
| 610 | 2 | 0 | |a vzdelávanie |
| 610 | 2 | 0 | |a technológie nové |
| 610 | 2 | 0 | |a technológie informačné |
| 610 | 2 | 0 | |a digitalizácia |
| 610 | 2 | 0 | |a elektronizácia |
| 610 | 2 | 0 | |a automatizácia |
| 610 | 2 | 0 | |a programovanie |
| 610 | 2 | 0 | |a báza dát |
| 610 | 2 | 0 | |a modely |
| 700 | 1 | |a Abrosimov, A. G. | |
| 700 | 1 | |a Elizarov, A.M. | |
| 110 | 2 | |a Elektronnaja kazaň 2019: Informacijonnyje technologiji v sovremennom mire. Meždunarodnaja naučno-praktičeskaja konferencija | |
| 710 | 2 | |a Ministerstvo obrazovanija i nauki respubliki Tatarstan | |
| 710 | 2 | |a Institut socijaľnych i gumanitarnych znanij | |
| 710 | 2 | |a Ekonomická univerzita v Bratislave | |